| 000 | 005220000a22001930004500 | ||
|---|---|---|---|
| 001 | 001735 | ||
| 003 | MACL | ||
| 005 | 20150802124524.0 | ||
| 008 | 150802b xxu||||| |||| 00| 0 eng d | ||
| 040 |
_aMACL _cMACL |
||
| 041 | _aEnglish | ||
| 082 | _a382/RAY | ||
| 100 |
_aRay, Haraprasad _94308 |
||
| 245 |
_aTrade And Trade Routes Between India And China _bC.140 B.C.-A.D.1500 _cHaraprasad Ray |
||
| 260 |
_aKolkata _c2003 _bProgressive Publishers, |
||
| 350 | _a400 | ||
| 650 |
_aEconomics _94309 |
||
| 942 |
_k382 _cBK _2ddc |
||
| 999 |
_c13652 _d13652 |
||